000 01290nam a2200337Ia 4500
001 ebr10660166
003 CaPaEBR
006 m u
007 cr cn|||||||||
008 090127s2009 nyua sb 001 0 eng d
010 _z 2009003391
020 _z9781608767458
020 _z9781606923269 (hardcover)
020 _z1606923269 (hardcover)
040 _aCaPaEBR
_cCaPaEBR
035 _a(OCoLC)847643447
050 1 4 _aRD549
_b.H535 2009eb
082 0 4 _a617.5/810592
_222
245 0 0 _aHip replacement
_h[electronic resource] :
_bapproaches, complications and effectiveness /
_cT. Aoi and A. Toshida, editors.
260 _aNew York :
_bNova Biomedical Books,
_cc2009.
300 _axi, 301 p. :
_bill. (some col.)
504 _aIncludes bibliographical references and index.
533 _aElectronic reproduction.
_bPalo Alto, Calif. :
_cebrary,
_d2013.
_nAvailable via World Wide Web.
_nAccess may be limited to ebrary affiliated libraries.
650 0 _aTotal hip replacement.
650 0 _aHip joint
_xSurgery.
655 7 _aElectronic books.
_2local
700 1 _aAoi, T.
700 1 _aToshida, A.
710 2 _aebrary, Inc.
856 4 0 _uhttp://site.ebrary.com/lib/rucke/Doc?id=10660166
_zAn electronic book accessible through the World Wide Web; click to view
999 _c66515
_d66515